[Event "European Club Cup (Women)"]
[Site "Feugen AUT"]
[Date "2006.10.08"]
[EventDate "2006.10.08"]
[Round "1"]
[Result "1/2-1/2"]
[White "Maia Chiburdanidze"]
[Black "Antoaneta Stefanova"]
[WhiteElo "2504"]
[BlackElo "2489"]
[PlyCount "69"]

1. d4 d5 2. c4 c6 3. Nf3 Nf6 4. Nc3 a6 5. c5 Nbd7 6. Bf4 Nh5
7. Bd2 e5 8. Nxe5 Nxe5 9. dxe5 Qe7 10. Na4 Qxe5 11. Bc3 Qe6
12. Qd4 Bd7 13. e3 f5 14. Bd3 Be7 15. Qe5 O-O 16. g4 Qxe5
17. Bxe5 fxg4 18. Nb6 Bf5 19. Bxf5 Rxf5 20. Nxa8 Rxe5 21. b4
Nf4 22. O-O Nd3 23. a3 Rh5 24. Rad1 Ne5 25. Kg2 Rh3 26. Nb6
Bf6 27. Nc8 Nf3 28. Rh1 Be5 29. Ne7+ Kf7 30. Nf5 Ke6 31. Ng3
Nh4+ 32. Kf1 Nf3 33. Kg2 Nh4+ 34. Kf1 Nf3 35. Kg2 1/2-1/2

[Event "European Club Cup (Women)"]
[Site "Feugen AUT"]
[Date "2006.10.10"]
[EventDate "2006.10.08"]
[Round "3"]
[Result "1/2-1/2"]
[White "Ekaterina Kovalevskaya"]
[Black "Antoaneta Stefanova"]
[WhiteElo "2434"]
[BlackElo "2489"]
[PlyCount "75"]

1. c4 c6 2. e4 d5 3. exd5 cxd5 4. d4 Nf6 5. Nc3 e6 6. Nf3 Bb4
7. cxd5 Nxd5 8. Bd2 Nc6 9. Bd3 Be7 10. O-O O-O 11. Rc1 Bf6
12. Nxd5 exd5 13. h3 Nxd4 14. Nxd4 Bxd4 15. Bb4 Re8 16. Bxh7+
Kxh7 17. Qxd4 Re4 18. Qd2 Bf5 19. Rfe1 Rxe1+ 20. Rxe1 d4
21. Qf4 Bg6 22. Rd1 d3 23. Bc3 Rc8 24. Qd4 Qxd4 25. Bxd4 Rc2
26. Bc3 b5 27. a3 Kg8 28. f3 f6 29. Rd2 Rc1+ 30. Kf2 Kf7
31. Ke3 Ke6 32. Kd4 Kd6 33. Rf2 Kc6 34. f4 Bh7 35. f5 Rc2
36. Ke3 Rxf2 37. Kxf2 Bxf5 38. Ke3 1/2-1/2

[Event "European Club Cup (Women)"]
[Site "Feugen AUT"]
[Date "2006.10.11"]
[EventDate "2006.10.08"]
[Round "4"]
[Result "1-0"]
[White "Antoaneta Stefanova"]
[Black "Irina Botvinnik"]
[WhiteElo "2489"]
[BlackElo "2208"]
[PlyCount "101"]

1. Nf3 d5 2. g3 Nf6 3. Bg2 Bf5 4. d3 h6 5. Nbd2 e6 6. b3 Be7
7. Bb2 O-O 8. O-O Nbd7 9. c4 c6 10. Rc1 a5 11. a3 Qb8 12. Rc2
Bh7 13. Qa1 Bd6 14. Re1 e5 15. cxd5 cxd5 16. e4 dxe4 17. dxe4
Re8 18. Nh4 Bf8 19. Bf1 b5 20. Nhf3 Bd6 21. Rc6 Bc5 22. Rxc5
Nxc5 23. Bxe5 Qb6 24. Bd4 Nfxe4 25. Nxe4 Bxe4 26. Nd2 Bb7
27. Rc1 Qc6 28. f3 Nxb3 29. Rxc6 Nxa1 30. Rc7 Re1 31. Rxb7 Nc2
32. Bc3 Nxa3 33. Kf2 Rc1 34. Bb2 Rc2 35. Bxa3 Rxd2+ 36. Ke3
Ra2 37. Be7 b4 38. Bc4 Rc2 39. Bd5 Rb2 40. Kd3 Rxh2 41. Bd6
Rd8 42. Bxf7+ Kh7 43. Rb6 a4 44. Ke3 b3 45. Be5 Rhd2 46. Rg6
b2 47. Rxg7+ Kh8 48. Ba2 R2d5 49. Bxd5 Rxd5 50. Bxb2 a3
51. Bc3 1-0

[Event "European Club Cup (Women)"]
[Site "Feugen AUT"]
[Date "2006.10.12"]
[EventDate "2006.10.08"]
[Round "5"]
[Result "1/2-1/2"]
[White "Nana Dzagnidze"]
[Black "Antoaneta Stefanova"]
[WhiteElo "2432"]
[BlackElo "2489"]
[PlyCount "112"]

1. d4 d5 2. c4 c6 3. Nf3 Nf6 4. Nc3 a6 5. c5 Nbd7 6. Bf4 Nh5
7. Bd2 Nhf6 8. Qc2 g6 9. h3 Bg7 10. Bf4 O-O 11. e3 Ne4 12. Rd1
Nxc3 13. Qxc3 b6 14. cxb6 Qxb6 15. Bd3 c5 16. O-O Bb7 17. Rfe1
Rfe8 18. Qa3 a5 19. Rc1 Rac8 20. e4 cxd4 21. Rxc8 Rxc8
22. exd5 Bxd5 23. Qxe7 Nc5 24. Rc1 Bf8 25. Qe2 Qb7 26. Bc4 Ne6
27. Be5 Bxf3 28. Qxf3 Qxb2 29. Qd1 Rc5 30. Bg3 Qa3 31. Rc2 Qb4
32. Qe2 Ng7 33. Bb3 a4 34. Rxc5 Bxc5 35. Bd5 Qb1+ 36. Kh2 d3
37. Qe4 Qb2 38. Bc4 Qb6 39. Qxd3 Nf5 40. Qd5 Qa7 41. Be5 Bf8
42. Kg1 Qe7 43. Bc3 a3 44. g4 Ng7 45. Qd4 h5 46. Kg2 hxg4
47. hxg4 Qc5 48. Bd5 Qxd4 49. Bxd4 Ne8 50. Kf3 Bg7 51. Ke3 Nf6
52. Bf3 Nd7 53. Bd1 Ne5 54. Ke4 Nc6 55. Bc5 Bb2 56. Kd5 Ne5
1/2-1/2

[Event "European Club Cup (Women)"]
[Site "Feugen AUT"]
[Date "2006.10.13"]
[EventDate "2006.10.08"]
[Round "6"]
[Result "1-0"]
[White "Viktorija Cmilyte"]
[Black "Antoaneta Stefanova"]
[WhiteElo "2469"]
[BlackElo "2489"]
[PlyCount "171"]

1. d4 d5 2. c4 c6 3. Nc3 Nf6 4. Nf3 a6 5. c5 Nbd7 6. Bf4 Nh5
7. Bd2 Nhf6 8. Rc1 e5 9. Nxe5 Nxe5 10. dxe5 Ng4 11. Na4 Nxe5
12. Bc3 f6 13. Nb6 Rb8 14. Nxc8 Qxc8 15. Bxe5 fxe5 16. e4 Qe6
17. Be2 Be7 18. Bh5+ g6 19. Bg4 Qf7 20. exd5 Qxd5 21. O-O Rf8
22. Qxd5 cxd5 23. Rfe1 Bf6 24. Rcd1 Rd8 25. Be6 d4 26. Rd3 Ke7
27. Bg4 h5 28. Bf3 Rd7 29. Be4 Kf7 30. b4 h4 31. g3 Rc8
32. Bf3 Re7 33. Kg2 Kg7 34. gxh4 Bxh4 35. Re4 Rh8 36. Rg4 Rf7
37. a4 Rh5 38. b5 axb5 39. axb5 Rg5 40. Rxg5 Bxg5 41. Rb3 Be7
42. Bd5 Rf8 43. c6 b6 44. Rb1 Bd6 45. Ra1 d3 46. Rd1 Rf4
47. Rxd3 Kf6 48. Rc3 Bc7 49. Ra3 Ke7 50. Bf3 Rb4 51. Be2 Rb2
52. Rd3 Bd6 53. Bg4 Rc2 54. Rh3 e4 55. Re3 Rc4 56. Bf3 Rb4
57. Bxe4 Rxb5 58. Bxg6+ Kf6 59. Be4 Rg5+ 60. Kh1 b5 61. h3 b4
62. Bc2 Rc5 63. Ba4 Rg5 64. Bb3 Re5 65. Rf3+ Ke7 66. Rf7+ Ke8
67. Rd7 Be7 68. Rb7 Kd8 69. Rd7+ Ke8 70. Rb7 Kd8 71. Kg2 Rg5+
72. Kf3 Rf5+ 73. Ke2 Rc5 74. Rd7+ Ke8 75. Ba4 Kf8 76. Rb7 Bd6
77. h4 Ra5 78. Bc2 Rc5 79. Be4 Rc3 80. h5 b3 81. h6 Be5 82. h7
b2 83. f4 Rc4 84. fxe5 Rxe4+ 85. Kf3 Rh4 86. c7 1-0

[Event "Cap d'Agde"]
[Site "Cap d'Agde FRA"]
[Date "2006.10.27"]
[EventDate "2006.??.??"]
[Round "1"]
[Result "1/2-1/2"]
[White "Sergey Karjakin"]
[Black "Antoaneta Stefanova"]
[WhiteElo "2672"]
[BlackElo "2489"]
[PlyCount "80"]

1. e4 e5 2. Nf3 Nc6 3. Bb5 a6 4. Ba4 Nf6 5. O-O Bc5 6. c3 b5
7. Bb3 d6 8. a4 Bg4 9. h3 Bxf3 10. Qxf3 Na5 11. Bc2 b4 12. Qd1
O-O 13. d4 exd4 14. cxd4 Bb6 15. Be3 Nc4 16. Nd2 Nxe3 17. fxe3
d5 18. e5 Nd7 19. a5 Ba7 20. Rf4 g6 21. Qf3 Qe7 22. Kh1 Rad8
23. Bb3 c6 24. Rf1 Kg7 25. Qe2 f6 26. Qxa6 fxe5 27. Rxf8 Nxf8
28. Qxc6 exd4 29. exd4 Rd6 30. Qb5 Bxd4 31. Qxb4 Bf6 32. Nf3
Ne6 33. Re1 Qc7 34. Bxd5 Rxd5 35. Rxe6 Rxa5 36. Re1 Ra2
37. Nd4 Qg3 38. Ne6+ Kh6 39. Rf1 Be5 40. Qf8+ Kh5 1/2-1/2

[Event "Cap d'Agde"]
[Site "Cap d'Agde FRA"]
[Date "2006.10.27"]
[EventDate "2006.??.??"]
[Round "2"]
[Result "0-1"]
[White "Antoaneta Stefanova"]
[Black "Laurent Fressinet"]
[WhiteElo "2489"]
[BlackElo "2640"]
[PlyCount "104"]

1. d4 d5 2. Bf4 Nf6 3. e3 c5 4. dxc5 Nc6 5. Bb5 g6 6. c4 Bg7
7. Nc3 O-O 8. Nf3 Qa5 9. O-O dxc4 10. Ne5 Nxe5 11. Bxe5 Be6
12. Qe2 Rac8 13. Bd4 Ne4 14. Nxe4 Qxb5 15. b3 Qc6 16. Ng5 cxb3
17. axb3 Bxd4 18. exd4 Bxb3 19. Rxa7 Bd5 20. Nf3 Rfd8 21. Ne5
Qe6 22. Qe3 Ra8 23. Rxa8 Rxa8 24. Nd3 Ra3 25. Qxe6 Bxe6
26. Nf4 Bc4 27. Rc1 Ra4 28. f3 g5 29. Nh3 f6 30. f4 h6 31. g3
Be6 32. Nf2 Rxd4 33. fxg5 hxg5 34. c6 bxc6 35. Rxc6 Kf7
36. Rc2 Bd5 37. Rb2 e5 38. Kf1 Bf3 39. Ke1 e4 40. Rb3 f5
41. Nh3 Kg6 42. Ng1 Rd1+ 43. Kf2 g4 44. Rb6+ Kh5 45. Nxf3 gxf3
46. h3 Rd3 47. Rb2 Kg5 48. Ra2 Rb3 49. Rc2 Rb1 50. Rc5 Rb2+
51. Ke3 Re2+ 52. Kd4 f2 0-1

[Event "Cap d'Agde"]
[Site "Cap d'Agde FRA"]
[Date "2006.10.27"]
[EventDate "2006.??.??"]
[Round "3"]
[Result "1/2-1/2"]
[White "Alexandra Kosteniuk"]
[Black "Antoaneta Stefanova"]
[WhiteElo "2534"]
[BlackElo "2489"]
[PlyCount "73"]

1. e4 e5 2. Nf3 Nc6 3. Bb5 a6 4. Ba4 Nf6 5. Qe2 b5 6. Bb3 Bc5
7. c3 d6 8. d3 O-O 9. Bg5 Be6 10. Nbd2 Bb6 11. Nf1 h6 12. Bh4
g5 13. Bg3 Nh5 14. Ne3 Nf4 15. Bxf4 exf4 16. Nd5 Ba7 17. d4
Na5 18. Nb4 c5 19. Bxe6 fxe6 20. Nc2 g4 21. Nd2 Qh4 22. O-O-O
cxd4 23. Nxd4 Bxd4 24. cxd4 Rac8+ 25. Kb1 Nc4 26. Nxc4 Rxc4
27. f3 h5 28. Rhg1 g3 29. hxg3 Qxg3 30. Rh1 Rfc8 31. Qd3 Rc2
32. e5 Qxg2 33. Rhg1 Rxb2+ 34. Ka1 Rxa2+ 35. Kb1 Rb2+ 36. Ka1
Ra2+ 37. Kb1 1/2-1/2

[Event "Cap d'Agde"]
[Site "Cap d'Agde FRA"]
[Date "2006.10.28"]
[EventDate "2006.??.??"]
[Round "4"]
[Result "1-0"]
[White "Antoaneta Stefanova"]
[Black "Pentala Harikrishna"]
[WhiteElo "2489"]
[BlackElo "2674"]
[PlyCount "101"]

1. d4 d5 2. Bf4 c6 3. e3 Bf5 4. Bd3 Bxd3 5. Qxd3 Nf6 6. Nf3 e6
7. O-O Bd6 8. Bxd6 Qxd6 9. c4 O-O 10. Nc3 Nbd7 11. Rad1 Rfe8
12. e4 dxe4 13. Nxe4 Nxe4 14. Qxe4 Nf6 15. Qc2 Rad8 16. Rfe1
h6 17. Ne5 c5 18. dxc5 Qxc5 19. h3 Rxd1 20. Qxd1 Qa5 21. a3
Rd8 22. Qc1 Rd4 23. c5 Qb5 24. b4 Nd5 25. Qb2 Rf4 26. g3 Rf5
27. Qc2 Ne7 28. Qe4 Nc6 29. Nc4 Qa4 30. Rb1 Rd5 31. Nd6 Qxa3
32. Nxb7 a6 33. Nd6 Qc3 34. Kg2 Qd4 35. Qxd4 Rxd4 36. b5 axb5
37. Rxb5 Rd5 38. Ne4 Rd4 39. Rb6 Ne5 40. Nd6 Nd7 41. Rc6 Nxc5
42. Rc8+ Kh7 43. Nxf7 Nd3 44. h4 Rd7 45. Nd8 e5 46. Ne6 Rf7
47. Nf8+ Rxf8 48. Rxf8 Kg6 49. Kf3 Nc5 50. Rc8 Nb7 51. Rc6+
1-0

[Event "Cap d'Agde"]
[Site "Cap d'Agde FRA"]
[Date "2006.10.28"]
[EventDate "2006.??.??"]
[Round "5"]
[Result "0-1"]
[White "Parimarjan Negi"]
[Black "Antoaneta Stefanova"]
[WhiteElo "2538"]
[BlackElo "2489"]
[PlyCount "100"]

1. e4 e5 2. Nf3 Nc6 3. Bb5 a6 4. Ba4 Nf6 5. O-O Bc5 6. c3 b5
7. Bc2 d6 8. d4 Bb6 9. a4 Bb7 10. d5 Ne7 11. axb5 axb5
12. Rxa8 Bxa8 13. Na3 c6 14. dxc6 Bxc6 15. Qe2 Qb8 16. Bd3 O-O
17. Bg5 Ng6 18. Bxf6 Nf4 19. Qd1 gxf6 20. Nh4 Kh8 21. Kh1 Rg8
22. Nc2 Nxd3 23. Qxd3 Rg4 24. Qh3 Rxe4 25. Nb4 Bb7 26. Nf5 Qf8
27. Qd3 Bc5 28. Nc2 Rf4 29. Nfe3 Qh6 30. Qxb5 Be4 31. Qe2 Rh4
32. Ng4 Qh5 33. Qxe4 Rxg4 34. Qa8+ Kg7 35. b4 Rh4 36. h3 Qe2
37. Re1 Qxc2 38. bxc5 Qxf2 39. Re4 dxc5 40. Rxh4 Qxh4 41. Qf3
Qf4 42. Qxf4 exf4 43. Kg1 Kg6 44. Kf2 Kf5 45. Kf3 h5 46. h4
Ke5 47. Kf2 Ke4 48. Ke2 c4 49. Kd2 f3 50. g3 f5 0-1

[Event "Cap d'Agde"]
[Site "Cap d'Agde FRA"]
[Date "2006.10.29"]
[EventDate "2006.10.27"]
[Round "6"]
[Result "1-0"]
[White "Teimour Radjabov"]
[Black "Antoaneta Stefanova"]
[WhiteElo "2729"]
[BlackElo "2489"]
[PlyCount "65"]

1. d4 d5 2. c4 c6 3. Nc3 dxc4 4. e3 b5 5. a4 b4 6. Ne4 Qd5
7. Ng3 e5 8. Nf3 exd4 9. e4 Qa5 10. Bxc4 Ba6 11. Qxd4 Nf6
12. O-O Qc5 13. Bxa6 Nxa6 14. Qd3 Qa5 15. Qc4 Nc5 16. Be3 Qa6
17. Qc2 Ne6 18. h3 g6 19. Nd4 c5 20. Nxe6 Qxe6 21. f4 h5
22. f5 gxf5 23. Nxf5 Qxe4 24. Qd2 Qd5 25. Qe2 Qe6 26. Rad1 Nd7
27. Qf3 Rc8 28. Rd6 Qe5 29. Rd5 Qxb2 30. Bd4 cxd4 31. Ng7+ Kd8
32. Rxd7+ Kxd7 33. Qd5+ 1-0

[Event "Cap d'Agde"]
[Site "Cap d'Agde FRA"]
[Date "2006.10.29"]
[EventDate "2006.10.27"]
[Round "7"]
[Result "1/2-1/2"]
[White "Antoaneta Stefanova"]
[Black "Marie Sebag"]
[WhiteElo "2489"]
[BlackElo "2471"]
[PlyCount "245"]

1. Nf3 d5 2. g3 Nf6 3. Bg2 c6 4. b3 Bg4 5. Bb2 Nbd7 6. d3 e6
7. Nbd2 Bd6 8. c4 O-O 9. O-O Qe7 10. a3 a5 11. h3 Bh5 12. Re1
e5 13. Nh4 Bc5 14. Qc2 Bg6 15. e3 Rfe8 16. Kh2 Nf8 17. f4 Bd6
18. c5 Bc7 19. f5 Bh5 20. e4 Rad8 21. b4 Rd7 22. Nb3 dxe4
23. dxe4 a4 24. Nd2 b5 25. cxb6 Bxb6 26. Nc4 Bd4 27. Bxd4 Rxd4
28. Na5 Qd8 29. Nxc6 Rd2 30. Nxd8 Rxc2 31. Nb7 g5 32. fxg6
Nxg6 33. Nxg6 Bxg6 34. Nc5 Rd8 35. Rec1 Re2 36. Re1 Rc2
37. Kg1 Rdd2 38. Bf1 Nh5 39. Re3 Nf6 40. Rae1 Ra2 41. Nxa4
Nxe4 42. Nc3 Nxc3 43. Rxc3 e4 44. Rce3 Kg7 45. R1e2 Rxe2
46. Bxe2 Kf6 47. b5 Rb2 48. Kf2 Ke5 49. a4 f5 50. a5 Be8
51. a6 Bxb5 52. a7 Ra2 53. a8=Q Rxa8 54. Bxb5 Ra2+ 55. Be2 f4
56. gxf4+ Kxf4 57. Rb3 h6 58. h4 h5 59. Rc3 Rb2 60. Ra3 Rc2
61. Ra5 e3+ 62. Ke1 Kg3 63. Rxh5 Rc1+ 64. Bd1 Rc4 65. Rg5+
Kxh4 66. Rg1 Rc3 67. Rg8 Ra3 68. Ke2 Kh5 69. Kf3 Kh6 70. Be2
Rc3 71. Rg1 Ra3 72. Kf4 Rc3 73. Ke4 Ra3 74. Bd3 Ra5 75. Kf4
Ra4+ 76. Kxe3 Rb4 77. Be4 Rb2 78. Kf4 Rf2+ 79. Ke5 Kh5 80. Bf5
Rb2 81. Rg3 Kh4 82. Rg4+ Kh5 83. Rg8 Kh4 84. Kf6 Rb6+ 85. Be6
Rb4 86. Rg7 Rf4+ 87. Bf5 Rb4 88. Rg1 Rb6+ 89. Ke5 Rb2 90. Rg6
Kh5 91. Rg7 Kh4 92. Kf4 Rf2+ 93. Ke4 Rb2 94. Kf3 Kh5 95. Be4
Kh6 96. Rg6+ Kh5 97. Rg1 Kh6 98. Rg6+ Kh5 99. Rg8 Kh6 100. Kg4
Rb4 101. Kf4 Rb6 102. Rg3 Rf6+ 103. Bf5 Rb6 104. Ke5 Kh5
105. Be6 Kh4 106. Rg4+ Kh5 107. Rg8 Rb2 108. Kf6 Kh4 109. Rg4+
Kh5 110. Rg3 Rh2 111. Bf5 Kh4 112. Rg4+ Kh5 113. Rg5+ Kh4
114. Rg4+ Kh5 115. Rf4 Rh1 116. Be4 Rh2 117. Bg6+ Kh6 118. Bf5
Kh5 119. Rf1 Kh4 120. Rg1 Rf2 121. Rg4+ Kh3 122. Kg5 Rg2
123. Rxg2+ 1/2-1/2

[Event "Baku (Women) 2nd"]
[Site "Baku AZE"]
[Date "2007.??.??"]
[EventDate "?"]
[Round "1"]
[Result "1-0"]
[White "Antoaneta Stefanova"]
[Black "Ilaha Kadimova"]
[WhiteElo "2481"]
[BlackElo "2316"]
[PlyCount "87"]

1.c4 c6 2.g3 d5 3.Bg2 Nf6 4.Nf3 Bf5 5.cxd5 cxd5 6.Qb3 Qc8
7.Nc3 e6 8.d3 Nc6 9.Bf4 Qd7 10.Ne5 Nxe5 11.Bxe5 Bc5 12.O-O O-O
13.e4 dxe4 14.dxe4 Bg6 15.Na4 Rfc8 16.Rad1 Qe7 17.Nxc5 Qxc5
18.Bd4 Qc7 19.f3 Nd7 20.Be3 Ne5 21.Rc1 Nc6 22.f4 Qd7 23.Rfd1
Qe7 24.Bc5 Qc7 25.Rc3 Bh5 26.Rdc1 Rd8 27.h3 Be2 28.e5 Qd7
29.Kh2 Rac8 30.Bd6 h6 31.Qa4 a6 32.g4 Bb5 33.Qe4 Na5 34.Rc7
Qe8 35.Rxc8 Rxc8 36.Rxc8 Qxc8 37.b4 Nc6 38.Qc2 Ne7 39.Qxc8+
Nxc8 40.Bxb7 Nxd6 41.exd6 Kf8 42.Kg3 Ke8 43.Bc8 Kd8 44.d7 1-0

[Event "5th Gibraltar Chess Festival"]
[Site "Gibraltar Gibraltar"]
[Date "2007.01.24"]
[EventDate "2007.01.23"]
[Round "2"]
[Result "0-1"]
[White "Odin Blikra Vea"]
[Black "Antoaneta Stefanova"]
[WhiteElo "2147"]
[BlackElo "2483"]
[PlyCount "82"]

1. d4 d5 2. Nf3 c6 3. c4 dxc4 4. e4 b5 5. a4 e6 6. Nc3 b4
7. Nb1 Ba6 8. Nbd2 c3 9. bxc3 bxc3 10. Nb1 Qa5 11. Qc2 Nf6
12. Bd3 Bxd3 13. Qxd3 Na6 14. O-O Nb4 15. Qe2 Qa6 16. Qxa6
Nxa6 17. Nxc3 Bb4 18. Na2 Nxe4 19. Nxb4 Nxb4 20. a5 Nc3
21. Bd2 Nbd5 22. Rfe1 Nb5 23. Rac1 Rc8 24. Rc5 a6 25. Rec1 Ne7
26. R5c4 f6 27. Ne1 Kf7 28. Bb4 Na7 29. Nd3 Nf5 30. Bc5 Nb5
31. Bb6 Nfxd4 32. Bxd4 Rhd8 33. Ne5+ fxe5 34. Bxe5 Rd5 35. Rc5
Na7 36. f4 g6 37. Kf2 Ke7 38. R1c3 Rd2+ 39. Kf3 Rcd8 40. Bc7
R8d7 41. Bb6 Nb5 0-1

[Event "5th Gibraltar Chess Festival"]
[Site "Gibraltar"]
[Date "2007.01.26"]
[EventDate "2007.??.??"]
[Round "4.40"]
[Result "1-0"]
[White "Keith Bevan Richardson"]
[Black "Antoaneta Stefanova"]
[WhiteElo "2250"]
[BlackElo "2483"]
[PlyCount "103"]

1. c4 c6 2. Nf3 d5 3. b3 dxc4 4. bxc4 e5 5. Nc3 Bd6 6. g3 f5
7. d3 Nf6 8. Bg2 e4 9. dxe4 fxe4 10. Ng5 Qa5 11. Qd2 Be5
12. Bb2 Bf5 13. O-O h6 14. f4 Qc5+ 15. e3 Bxc3 16. Bxc3 Nbd7
17. Rab1 b6 18. g4 hxg5 19. gxf5 g4 20. Bb4 Qxf5 21. Qd6 c5
22. Be1 Kf7 23. Bg3 Rac8 24. a4 Rhe8 25. a5 Re6 26. Qd2 Nf8
27. Ra1 Re7 28. Rfb1 Rd7 29. Qc2 Rd3 30. axb6 axb6 31. Rxb6
Rxe3 32. Raa6 Nh5 33. Ra7+ Kg8 34. Rbb7 Rd8 35. Re7 Rd4
36. Re5 Qg6 37. Bf2 Red3 38. Bxd4 Rxd4 39. Bxe4 Qb6 40. Rxh5
Qxa7 41. Bh7+ Kf7 42. Rf5+ Ke7 43. Qe2+ Ne6 44. Re5 Qd7
45. Qxg4 g6 46. Bxg6 Rxc4 47. Bf5 Qd4+ 48. Kg2 Qb2+ 49. Re2
Qb7+ 50. Kf2 Qh1 51. Rxe6+ Kf8 52. Rf6+ 1-0

[Event "5th Gibraltar Chess Festival"]
[Site "Gibraltar Gibraltar"]
[Date "2007.01.27"]
[EventDate "2007.01.23"]
[Round "5.54"]
[Result "1-0"]
[White "Antoaneta Stefanova"]
[Black "Torben Soraas"]
[WhiteElo "2483"]
[BlackElo "2155"]
[PlyCount "54"]

1. d4 Nf6 2. Bg5 c5 3. d5 d6 4. Nc3 Qa5 5. Bd2 b5 6. Ne4 Qb6
7. Nxf6+ exf6 8. e4 Be7 9. a4 b4 10. a5 Qc7 11. c3 bxc3
12. Bxc3 O-O 13. Bd3 Na6 14. Ne2 Rb8 15. Ng3 Nb4 16. Be2 Re8
17. O-O Bd7 18. Re1 Qc8 19. Nh5 Bf8 20. Bf3 Rb5 21. Re3 Qd8
22. Bg4 f5 23. Be2 Rxa5 24. Rxa5 Qxa5 25. Nf6+ gxf6 26. Rg3+
Bg7 27. Bxf6 Rxe4 1-0

[Event "5th Gibraltar Chess Festival"]
[Site "Gibraltar Gibraltar"]
[Date "2007.01.29"]
[EventDate "2007.01.23"]
[Round "6.41"]
[Result "0-1"]
[White "Konstantinos Klokas"]
[Black "Antoaneta Stefanova"]
[WhiteElo "2231"]
[BlackElo "2483"]
[PlyCount "52"]

1. e4 e5 2. Nf3 Nc6 3. d4 exd4 4. Nxd4 Bc5 5. Be3 Qf6 6. c3
Nge7 7. g3 h5 8. h3 h4 9. g4 Ng6 10. g5 Qe5 11. Nd2 Bb6
12. Qa4 O-O 13. O-O-O d5 14. N4f3 Qe6 15. exd5 Qxd5 16. Bxb6
cxb6 17. Nxh4 b5 18. Bxb5 Nxh4 19. Bxc6 bxc6 20. Qxh4 Qxa2
21. Qe4 Qa5 22. Qf4 Be6 23. Rhe1 Rab8 24. Ne4 Rxb2 25. Kxb2
Qa2+ 26. Kc1 Bb3 0-1

[Event "5th Gibraltar Chess Festival"]
[Site "Catalan Bay ENG"]
[Date "2007.01.30"]
[EventDate "2007.01.23"]
[Round "7"]
[Result "1/2-1/2"]
[White "Antoaneta Stefanova"]
[Black "Alexander van Beek"]
[WhiteElo "2483"]
[BlackElo "2399"]
[PlyCount "89"]

1. d4 Nf6 2. Bg5 e6 3. Nd2 c5 4. e3 cxd4 5. exd4 Be7 6. Ngf3
b6 7. c4 Bb7 8. Bd3 O-O 9. O-O d5 10. Qe2 Nc6 11. Rad1 dxc4
12. Nxc4 Nb4 13. Bb1 Rc8 14. Nfe5 Nfd5 15. Bc1 Ba6 16. Bd2 Nc6
17. b3 Nxd4 18. Qd3 Nf6 19. Bg5 Nf5 20. Qh3 Qc7 21. Bxf6 Bxf6
22. Nd7 Rfd8 23. Nxf6+ gxf6 24. g4 Nd4 25. Qh6 Qf4 26. Bxh7+
Kh8 27. Qxf4 Ne2+ 28. Kh1 Nxf4 29. Rxd8+ Rxd8 30. Be4 Rd4
31. f3 Bxc4 32. bxc4 Rxc4 33. Rd1 Kg7 34. h4 Ra4 35. Rd2 Nd5
36. Bxd5 exd5 37. Kg2 f5 38. Kg3 fxg4 39. fxg4 f6 40. h5 Kh6
41. Rxd5 Rxa2 42. Rd7 b5 43. Rb7 f5 44. gxf5 Kg5 45. Rxb5
1/2-1/2

[Event "5th Gibraltar Chess Festival"]
[Site "Catalan Bay ENG"]
[Date "2007.02.01"]
[EventDate "2007.01.23"]
[Round "9"]
[Result "1-0"]
[White "Antoaneta Stefanova"]
[Black "Carlos Salgado Allaria"]
[WhiteElo "2483"]
[BlackElo "2288"]
[PlyCount "95"]

1. d4 d5 2. c4 c6 3. Qc2 Nf6 4. Nf3 e6 5. Bg5 Nbd7 6. e3 Qa5+
7. Nbd2 Ne4 8. Bf4 Bb4 9. a3 Nxd2 10. Nxd2 dxc4 11. O-O-O
Bxd2+ 12. Rxd2 O-O 13. Bd6 Rd8 14. Bxc4 Nb6 15. Bb4 Qh5
16. Be2 Qh6 17. Rdd1 Nd5 18. Bd2 Qf6 19. f4 b6 20. Kb1 Bb7
21. e4 Nc7 22. Be3 Rd7 23. Rd2 Rad8 24. Rhd1 Qe7 25. Bf3 Na6
26. e5 Nc7 27. f5 Nd5 28. Bf2 exf5 29. Qxf5 c5 30. Bg4 g6
31. Qc2 f5 32. Bf3 cxd4 33. Rxd4 Qe6 34. Qb3 h6 35. g4 f4
36. Be2 a6 37. a4 Kf7 38. Bc4 g5 39. h4 Ke7 40. hxg5 hxg5
41. Qd3 Kf8 42. Qf5+ Qxf5+ 43. gxf5 Bc6 44. e6 Rd6 45. Bxa6
Ke7 46. Be1 Kf6 47. Bc4 Ke5 48. e7 1-0

[Event "Ruy Lopez Festival"]
[Site "Zafra ESP"]
[Date "2007.03.18"]
[EventDate "2007.03.17"]
[Round "2"]
[Result "0-1"]
[White "Antoaneta Stefanova"]
[Black "Gabriel Sargissian"]
[WhiteElo "2483"]
[BlackElo "2658"]
[PlyCount "126"]

1. d4 Nf6 2. c4 e6 3. Nc3 Bb4 4. e3 O-O 5. a3 Bxc3+ 6. bxc3 c5
7. Bd3 Nc6 8. Ne2 b6 9. e4 Ne8 10. O-O Ba6 11. f4 Na5 12. f5
f6 13. Nf4 Bxc4 14. Bxc4 Nxc4 15. fxe6 Nc7 16. Qd3 Na5 17. d5
dxe6 18. d6 c4 19. Qd1 Nb5 20. Nxe6 Qxd6 21. Qg4 Rf7 22. Bh6
g6 23. Nf4 Qd7 24. Qxd7 Rxd7 25. Nd5 Rxd5 26. exd5 Kf7 27. Bg5
f5 28. Rae1 Re8 29. a4 Nd6 30. Bf4 Ne4 31. Re3 h5 32. h3 h4
33. Bb8 Nxc3 34. Rxc3 Rxb8 35. Rf4 Ke7 36. Rxh4 Kd6 37. Rh6
Rg8 38. Rh7 a6 39. Ra7 Kxd5 40. Rxa6 Kc5 41. Rg3 Rc8 42. Ra7
Rc6 43. Rg7 Kb4 44. R3xg6 c3 45. Rxc6 Nxc6 46. Rg6 Kc5 47. Re6
c2 48. Re1 Kb4 49. Kf2 Kxa4 50. Ke3 Kb3 51. h4 Kc3 52. Kf4 Ne7
53. h5 Ng8 54. Kxf5 b5 55. Kg6 b4 56. Kg7 b3 57. Kxg8 b2
58. h6 c1=Q 59. Rxc1+ bxc1=Q 60. h7 Qg5+ 61. Kh8 Qf6+ 62. Kg8
Qg6+ 63. Kh8 Qf7 0-1

[Event "Ruy Lopez Festival"]
[Site "Zafra ESP"]
[Date "2007.03.19"]
[EventDate "2007.03.17"]
[Round "3"]
[Result "0-1"]
[White "Yifan Hou"]
[Black "Antoaneta Stefanova"]
[WhiteElo "2509"]
[BlackElo "2483"]
[PlyCount "110"]

1. e4 e5 2. Nf3 Nc6 3. Bb5 a6 4. Ba4 Nf6 5. O-O Bc5 6. c3 b5
7. Bb3 d6 8. d4 Ba7 9. h3 Bb7 10. Re1 O-O 11. Bg5 h6 12. Bh4
Re8 13. dxe5 Nxe5 14. Nxe5 Rxe5 15. Nd2 Re8 16. Bc2 Qe7
17. Kh1 Qe5 18. Nf3 Qh5 19. Bxf6 gxf6 20. Nd4 Qxd1 21. Raxd1
d5 22. exd5 Rxe1+ 23. Rxe1 Bxd4 24. cxd4 Bxd5 25. Re7 c6
26. Bb3 Bxb3 27. axb3 Rd8 28. Ra7 Rxd4 29. Rxa6 Rd1+ 30. Kh2
Rc1 31. Ra7 Rc2 32. Rc7 b4 33. Kg1 f5 34. g3 Kg7 35. Kg2 Kf6
36. Rb7 c5 37. Rb6+ Ke5 38. Rc6 h5 39. Rc8 Kd6 40. Rd8+ Ke7
41. Rd3 Ke6 42. Re3+ Kd6 43. Rd3+ Kc6 44. Kf1 Rxb2 45. Ke1 Rc2
46. Rf3 Rc3 47. Rxf5 Rxb3 48. Rf3 Rc3 49. Rf5 Rb3 50. Kd2 c4
51. Rxf7 Rd3+ 52. Kc1 b3 53. Re7 c3 54. Re1 Rd2 55. f4 Ra2 0-1

[Event "Ruy Lopez Festival"]
[Site "Zafra ESP"]
[Date "2007.03.20"]
[EventDate "2007.03.17"]
[Round "4"]
[Result "1/2-1/2"]
[White "Julio Ernesto Granda Zuniga"]
[Black "Antoaneta Stefanova"]
[WhiteElo "2612"]
[BlackElo "2483"]
[PlyCount "79"]

1. Nf3 d5 2. c4 c6 3. e3 Nf6 4. d4 Bf5 5. Nc3 e6 6. Nh4 Bg6
7. Nxg6 hxg6 8. g3 Nbd7 9. Qb3 Qc7 10. Bd2 dxc4 11. Qxc4 e5
12. O-O-O Nb6 13. Qb3 O-O-O 14. dxe5 Ng4 15. Ne4 Qxe5 16. Bg2
f5 17. h3 fxe4 18. hxg4 Rxh1 19. Rxh1 Qf6 20. Be1 Nd7 21. Qc2
Nc5 22. Kb1 Bd6 23. Bxe4 Nxe4 24. Qxe4 Be5 25. Ba5 b6 26. Rc1
Kb7 27. Be1 g5 28. Qc2 Rd5 29. Bc3 Bxc3 30. Qxc3 Qg6+ 31. Qc2
Qd6 32. Qe4 Rd2 33. f4 Re2 34. a3 a5 35. Ka1 Qf6 36. Rb1 Qd6
37. Rh1 Qf6 38. Rb1 Qd6 39. Rc1 Qf6 40. Rb1 1/2-1/2

[Event "Ruy Lopez Festival"]
[Site "Zafra ESP"]
[Date "2007.03.21"]
[EventDate "2007.03.17"]
[Round "5"]
[Result "0-1"]
[White "Antoaneta Stefanova"]
[Black "Ivan Sokolov"]
[WhiteElo "2483"]
[BlackElo "2652"]
[PlyCount "94"]

1. d4 Nf6 2. Bg5 c5 3. d5 d6 4. Nc3 g6 5. e4 Bg7 6. Bb5+ Nfd7
7. a4 Na6 8. Qd2 h6 9. Be3 Nc7 10. Be2 Nf6 11. h3 e6 12. dxe6
Bxe6 13. Rd1 O-O 14. Qxd6 Qc8 15. Qxc5 b6 16. Qd6 Na6 17. e5
Ne8 18. Qd4 Nc5 19. f4 Nc7 20. Bf3 Rb8 21. b4 Nd7 22. Bc6 Rd8
23. Ne4 Nd5 24. b5 Ne7 25. Nd6 Qc7 26. Qe4 Nc5 27. Bxc5 bxc5
28. Ne2 Nxc6 29. Qxc6 Qa5+ 30. Kf2 Qxa4 31. Qxc5 Bf8 32. Qc7
Bxd6 33. Rxd6 Rdc8 34. Qe7 Rxc2 35. Qh4 Qe4 36. Re1 Bc4
37. Qg4 Rxb5 38. e6 Bxe6 39. Qf3 Qxf3+ 40. Kxf3 Rb3+ 41. Ke4
Bf5+ 42. Ke5 Re3+ 43. Kf6 Rd2 44. Nd4 Rxe1 45. Rd8+ Kh7
46. Kxf7 Re4 47. Rg8 Re7+ 0-1